Cẩm nang lập vườn trong thành phố

Wedi'i Gadw mewn:
Manylion Llyfryddiaeth
Prif Awdur: Phạm, Cao Hoàn
Fformat: Llyfr
Iaith:Undetermined
Cyhoeddwyd: Hà Nội Phụ Nữ 1998
Pynciau:
Tagiau: Ychwanegu Tag
Dim Tagiau, Byddwch y cyntaf i dagio'r cofnod hwn!
Thư viện lưu trữ: Trung tâm Học liệu Trường Đại học Cần Thơ
LEADER 00517nam a2200193Ia 4500
001 CTU_97650
008 210402s9999 xx 000 0 und d
020 |c 29000 
082 |a 634 
082 |b H406 
100 |a Phạm, Cao Hoàn 
245 0 |a Cẩm nang lập vườn trong thành phố 
245 0 |c Phạm Cao Hoàn 
260 |a Hà Nội 
260 |b Phụ Nữ 
260 |c 1998 
650 |a Gardening 
904 |i Tuyến 
980 |a Trung tâm Học liệu Trường Đại học Cần Thơ